Лукоморье: повесть, роман, быль

Библиографические подробности
Главный автор: Мартынов А. Н. Анатолий Николаевич
Язык:русский
Опубликовано: Донецк, Донбас, 1988
Предметы:
Формат: Книга
Запись в KOHA:https://koha.lib.tpu.ru/cgi-bin/koha/opac-detail.pl?biblionumber=144162

MARC

LEADER 00000nam0a2200000 4500
001 144162
005 20231031143545.0
010 |a 5774000265 
020 |a RU  |b 88-69949 
035 |a (RuTPU)RU\TPU\book\156244 
090 |a 144162 
100 |a 20080930d1988 m y0rusy5003 ca 
101 0 |a rus 
102 |a UA 
105 |a c z 000ay 
200 1 |a Лукоморье  |e повесть, роман, быль  |f А. Н. Мартынов 
210 |a Донецк  |c Донбас  |d 1988 
215 |a 469,[2] с., [1] л. портр.  |d 21 см 
610 1 |a советская литература 
610 1 |a повести 
610 1 |a романы 
610 1 |a были 
675 |a Р2  |z rus 
700 1 |a Мартынов  |b А. Н.  |g Анатолий Николаевич  |4 070 
801 0 |a RU  |b RuMRKP  |c 19950417  |g psbo 
801 1 |a RU  |b 63413507  |c 20080930  |g PSBO 
801 2 |a RU  |b 63413507  |c 20080930  |g PSBO 
942 |c BK